| 000 | 00925nam a2200241Ia 4500 | ||
|---|---|---|---|
| 003 | OSt | ||
| 005 | 20250710093745.0 | ||
| 008 | 191128s2013 ck er 000 f spa d | ||
| 020 | _a9789588763095 | ||
| 040 |
_aCO-JMCR _cCO-JMCR |
||
| 041 | _aspa | ||
| 082 | 0 | 4 |
_aA-N _bSPAm |
| 100 | 1 |
_aSparks, Nicholas, _eautor _98152 |
|
| 245 | 1 | 3 |
_aLo mejor de mí / _cNicholas Sparks |
| 250 | _aPrimera edición | ||
| 260 |
_aBogota : _bRecaeditorial, _c2013 |
||
| 300 |
_a317 Páginas ; _c22 cm. |
||
| 500 | _aIncluye datios biográficos del autor | ||
| 520 | _a<<Todo el mundo quería creer que el amor eterno era posible. Ella tambíen lo creyó una vez, cuando tenia dieciocho años…>> Durante la primavera de 1984, cuando todavía iban al instituto, Amanda Collier y Dawson Cole se enamoraron para siempre. | ||
| 650 | 1 | 4 |
_aNovela estadounidense _98153 |
| 700 |
_aIolanda Rabascall, _etraductora _98154 |
||
| 942 |
_2ddc _cBK |
||
| 999 |
_c4131 _d4131 |
||